Informe anual de la Comisión Interamericana de Derechos Humanos 1995
Gespeichert in:
| Körperschaft: | |
|---|---|
| Format: | Buch |
| Sprache: | Spanisch |
| Veröffentlicht: |
Washington, D.C
Organización de los Estados Americanos
1996
|
| Schlagworte: | |
| Tags: |
Tag hinzufügen
Keine Tags, Fügen Sie den ersten Tag hinzu!
|
MARC
| LEADER | 00000nam a2200000 a 4500 | ||
|---|---|---|---|
| 001 | UCU9219 | ||
| 003 | CL-VaPUC | ||
| 008 | 960809e19960000US |||||||||||||||||spa|d | ||
| 082 | 0 | 4 | |a 323.4 |b OEA |2 21 |
| 110 | 2 | |a OEA |e author |9 368339 | |
| 245 | 1 | 0 | |a Informe anual de la Comisión Interamericana de Derechos Humanos 1995 |
| 300 | |a 312 p | ||
| 942 | |c BK | ||
| 945 | |d 19960809 00:00:00 |a rleighto | ||
| 260 | |a Washington, D.C |b Organización de los Estados Americanos |c 1996 | ||
| 650 | 0 | |a Derechos humanos |9 223025 | |
| 650 | 0 | |a Derechos civiles |9 255655 | |
| 650 | 0 | |a Derechos de la mujer |9 257074 | |
| 650 | 0 | |a Derecho Indiano |9 256266 | |
| 583 | |a last modification |c 19960809 00:00:00 |k Rodrigo Vera | ||
| 999 | |c 251083 |d 251081 | ||
| 952 | |0 0 |1 0 |4 0 |6 323_400000000000000_OEA_1996 |7 0 |8 A |9 270017 |a BIBDER |b BIBDER |d 2019-11-19 |i 321835K |o 323.4 OEA 1996 |p 321835K |r 2023-01-25 |w 2019-11-19 |y BK |k DER | ||